000 01219nam a22002777a 4500
003 OSt
005 20221116132725.0
007 cr ||||||a|c|a
008 221110s2021 mx a|||fom||| 001 0 spa d
040 _erda
100 1 _994251
_aRamírez Ruiz, Luis
245 1 _aDiseño de una estrategia de gestión de la innovación en la producción de jitomate en invernadero en Amacuitlapilco, Jonacatepec, Mor. /
_cpor Luis Ramírez Ruiz, director de tesis Horacio Eliseo Alvarado Raya.
264 1 _aChapingo, México :
_bEl autor,
_c2021.
300 _a1 recurso en línea (100 páginas).
_bcuadros, figuras.
336 _2rdacontent
_atexto
_btxt
337 _2rdamedia
_acomputadora
_bc
338 _2rdacarrier
_arecurso en línea
_bcr
502 _bMCEA
_cCIESTAAM
_d2021.
_gMAE
504 _aIncluye referencias bibliográficas: páginas 89-92.
650 4 _9113704
_aTomate
_xCultivos en invernadero
650 4 _9125346
_aTomate
_xProducción
650 4 _9113681
_aTomate
_xAspectos económicos
700 1 _94816
_aAlvarado Raya, Horacio Eliseo
_eDirector de tesis.
856 _uhttp://10.13.5.2/tesis/tm/2021_CI_Ramirez_Ruiz_Luis.pdf
_zDESCARGAR PDF
942 _2Clasificación Universidad Autónoma Chapingo
_cTD
999 _c217756
_d217756